Economic and Social Policy Proceedings of the International Scientific Conference, September 7-9, 2021, Čeladná, Czech Republic

Guardado en:
Detalles Bibliográficos
Autor Corporativo: Economic and Social Policy. International Scientific Conference
Otros Autores: Nálepová, Veronika, Pavlorková, Martina
Formato: Libro
Lenguaje:inglés
checo
Publicado: Ostrava Vysoká škola PRIGO 2021
Edición:1st Edition
Materias:
Etiquetas: Agregar Etiqueta
Sin Etiquetas, Sea el primero en etiquetar este registro!

MARC

LEADER 00000nam a2200000 4500
001 0280931
005 20230116133624.6
020 |a 978-80-87291-29-0 
022 |a 2571-1776 
022 |a 2694-796X 
041 0 |a eng 
041 0 |a cze 
044 |a CZ 
245 1 0 |a Economic and Social Policy  |b Proceedings of the International Scientific Conference, September 7-9, 2021, Čeladná, Czech Republic  |c editors: Veronika Nálepová, Martina Pavlorková 
250 |a 1st Edition 
264 1 |a Ostrava  |b Vysoká škola PRIGO  |c 2021 
300 |a 539 s. 
610 2 0 |a politika hospodárska 
610 2 0 |a politika sociálna 
610 2 0 |a ekonomika nová 
610 2 0 |a zamestnanosť 
700 1 |a Nálepová, Veronika 
700 1 |a Pavlorková, Martina 
110 2 |a Economic and Social Policy. International Scientific Conference